000 00854nam a2200217 a 4500
001 000055641
003 AM-YEHGA
005 20250617121429.0
008 991004s1984 ru |||||||||||||||||rus d
040 _aAM-YeHGA
041 0 _arus
100 1 _aТуганаев, Виктор Васильевич
245 1 0 _aАгрофитоценозы современного земледелия и их история /
_cВ.В. Туганаев ; Отв. ред. Т.А. Работнов ; АН СССР. Моск. о-во испытателей природы.
260 _aМосква :
_bНаука,
_c1984.
300 _a88 с.
650 1 4 _aЗемледелие
700 1 _aРаботнов, Т.А.
_eред.
_4edt
710 2 _aМосковское общество испытателей природы
942 _2udc
_cBK
090 _c15888
999 _c15774
_d15774